Movies Quiz

Random Movies or Oscar Quiz
Score 0/10 Timer 03:00
7 Plays Today
Question Answer Wrong Answers
1990 Dances with Wolves
84.6%
Ghost
3.9%
The Godfather Part III
4.1%
Goodfellas
7.4%
1993 Schindler's List
82.4%
The Fugitive
1.7%
The Piano
7.8%
The Remains of the Day
1.5%
1991 The Silence of the Lambs
82.2%
Beauty and the Beast
4.1%
JFK
8.7%
Bugsy
1.5%
1994 Forrest Gump
77%
Pulp Fiction
3.5%
Four Weddings and a Funeral
1.1%
The Shawshank Redemption
10.7%
1997 Titanic
72.8%
L.A. Confidential
4.8%
The Full Monty
0.9%
Good Will Hunting
13%
1995 Braveheart
72.8%
Babe
1.3%
Sense and Sensibility
3.3%
Apollo 13
14.6%
1999 American Beauty
72.6%
The Cider House Rules
4.2%
The Green Mile
10.4%
The Sixth Sense
3.9%
1996 The English Patient
72.1%
Fargo
12.2%
Jerry Maguire
6.4%
Secrets & Lies
1%
1992 Unforgiven
58.8%
A Few Good Men
17.6%
Scent of a Woman
11.2%
The Crying Game
7.9%
1998 Shakespeare in Love
57.8%
Life is Beautiful
9.2%
Saving Private Ryan
22.9%
Elizabeth
1.3%

You're not logged in!

Compare scores with friends on all Sporcle quizzes.
OR
Log In

Sporcle TV

Today on Sporcle TV


Watch our educational content, quiz creation guides, and fun videos on Sporcle TV.

Show Comments

Extras

Top Quizzes Today


Score Distribution

Your Account Isn't Verified!

In order to create a playlist on Sporcle, you need to verify the email address you used during registration. Go to your Sporcle Settings to finish the process.

Report this User

Report this user for behavior that violates our Community Guidelines.

Details: